000 00503nam a2200169Ia 4500
005 20250508155950.0
008 008 250505s9999 xx 000 0 eng d
037 _aBooks to be hide in OPAC
040 _aFEDL
_beng
_cFEDL
041 _aeng
_2eng
084 _a370.78941, SCO/O
_qFEDL
245 0 _aScottish council for research in education : Eighteenth annual report 1945-1946
260 _c1946
300 _a10p.
942 _cHB
_h370.78941, SCO/O
999 _c1360510
_d1360510